| 000 | 00704nam a22002177a 4500 | ||
|---|---|---|---|
| 999 |
_c20677 _d20677 |
||
| 003 | AR-CdUCM | ||
| 008 | 190405b ||||| |||| 00| 0 spa d | ||
| 020 | _a0 19 433634 4 | ||
| 040 |
_aMUNICIPALIDAD PROVINCIAL DEL CUSCO _cBIBLIOTECA MUNICIPAL DEL CUSCO |
||
| 082 |
_aEP / 373.428 / _bM23 |
||
| 100 |
_aManzi, Alberto _943226 |
||
| 245 | _aCabeza roja / | ||
| 260 |
_aBuenos Aires: _bPeuser, _c1960. |
||
| 300 |
_a117 páginas ; _bIlustraciones _c23 cm. |
||
| 505 | _aContenido : Ellos, los indios -- El pelotón de los rastreros -- La gran batalla... | ||
| 650 |
_aLiteratura _983 |
||
| 650 |
_aInfantil _96210 |
||
| 700 |
_aPapay de Belanyi, Clara _943227 |
||
| 942 |
_2ddc _cLIBROS |
||
| 945 | _arcc | ||